000 01195 a2200253 4500
005 20080825112722.0
008 080825t xxu||||| |||| 00| 0 hin d
010 _aHIN-84068
020 _c175.00
_a8188711128
035 _aHN-56414
037 _aDBAD / PUB
040 _aDPL
_bHN
082 _a230.65
100 _aठाकुर, करूणेश
245 _aब्रह्मभ्यास /
_cकरूणेश ठाकुर
246 _aBrahmabhyas
_bby Karunesh Thakur
260 _aनई दिल्ली
_bअनन्त साहित्य
_c2006
270 _a3072/5, प्रताप, स्ट्रीट, गोला मार्किट, दरियागंज
_bनई दिल्ली
_e110002
300 _a152पृ
_c22सेमी (सजिल्द)
650 _aहिन्दू धर्म
_xब्रह्मभ्यास
650 _aHindu religion
_xBramabhyaasa
942 _adpl
_cHN
_2ddc
_mठाकुर
_h230.65
999 _c15057
_d15057